TOP 25 Harry Potter Charaktere - Statistiken

Allgemein
  • Dieses Quiz wurde 545 mal gespielt
    432 seit der letzten Aktualisierung
  • Das Durchschnittsergebnis liegt bei 6 aus 25
Answers on the Grid
Answers color-coded by a green-red scale on the quiz's grid according to % correct below.
Ron Weasley
Hermine Granger
Albus Dumbledore
Rubeus Hagrid
Severus Snape
Voldemort
Sirius Black
Draco Malfoy
Fred Weasley
Remus Lupin
George Weasley
Neville Longbottom
Arthur Weasley
Ginny Weasley
Minerva McGonagall
Molly Weasley
Dolores Umbridge
Alastor "Mad-Eye" Moody
Vernon Dursley
Cornelius Fudge
Peter Pettigrew*
Dobby
Dudley Dursley
Horace Slughorn
Percy Weasley
Hedwig
Krummbein
Kreacher
Peeves
James Potter
Lily Potter
Sybill Trelawney
Filius Flitwick
Quirinus Quirrell
Luna Lovegood
Cedric Diggory
Petunia Dursley
Barty Crouch Sr.
Argus Filch
Viktor Krum
Fleur Delacour
Lucius Malfoy
Vincent Crabbe
Bellatrix Lestrange
Dean Thomas
 
Antwortstatistiken
Antwort % Korrekt
Ron Weasley
53%
Hermine Granger
51%
Draco Malfoy
46%
Albus Dumbledore
42%
Rubeus Hagrid
41%
Voldemort
41%
Severus Snape
40%
Neville Longbottom
37%
Sirius Black
37%
Ginny Weasley
32%
Minerva McGonagall
31%
Dobby
27%
George Weasley
26%
Remus Lupin
26%
Fred Weasley
23%
Arthur Weasley
17%
Molly Weasley
16%
Alastor "Mad-Eye" Moody
10%
Vernon Dursley
10%
Dolores Umbridge
9%
Dudley Dursley
8%
Peter Pettigrew*
7%
Percy Weasley
4%
Cornelius Fudge
3%
Horace Slughorn
3%
Keine übereinstimmenden Quizze gefunden
Verteilung der Resultate
Anzahl Personen mit jedem Resultat
Perzentil nach korrekt beantworteten Fragen
Ihre Resultats-Entwicklung
Sie haben dieses Quiz seit der letzten Aktualisierung nicht gespielt